000 01219cam a22003617a 4500
003 CHAP
005 20220817042509.0
008 971013s1978 cu r 00010 spa d
010 _a46337
011 _a47309
035 _a51451
040 _cCHAP
090 _aFolleto 4497
100 0 0 _aPérez Alvarez, Rubén P.
_989508
245 1 4 _aLos ácaros fitófagos de Cuba y sus principales plantas hospedantes
260 _aLa Habana :
_bDirección General de Sanidad Vegetal,
_c1978
300 _a21 p.
590 _aBATCH-UPD
_b10
_c20130110
_lUCH01
_h0238
590 _aBATCH-UPD
_b10
_c20130110
_lUCH01
_h1458
590 _aBATCH-UPD
_b10
_c20130409
_lUCH01
_h2304
590 _aBATCH-UPD
_b10
_c20130410
_lUCH01
_h1521
590 _aBATCH-UPD
_b10
_c20130914
_lUCH01
_h1119
590 _aCONVERSION
_b10
_c20130109
_lUCH01
_h1325
650 1 4 _aÁcaros.
650 1 4 _aCultivos
_xPlagas.
_930305
650 1 4 _aPlantas hospederas.
_989004
700 0 _aAlmaguel Rojas, Lerida.
_94470
710 0 _aCuba. Dirección General de Sanidad Vegetal.
_929963
901 _aBK
942 _cFOLL
949 _aFolleto 4497
_bBC
_cFOLL
_d-115087
_eTS1
_i51451
_mD
_si
949 _aFolleto 4497
_bBC
_cFOLL
_d-115088
_eTS2
_fc.2
_i51451
_mD
_si
999 _c46337
_d46337